基辅-这座城市在历史上曾被谁统治(八) - Statistics

General Stats
  • This quiz has been taken 41 times
  • The average score is 13 of 39
Answer Stats
时间及提示 政权名称 % Correct
按照传说推测,基辅大约建立于482年 (输入“基辅”即可) 基辅
97%
之后的几百年,这座东________人的城市都是东________地区的商业中心 (同一个词) 东斯拉夫人
87%
1991至今 乌克兰
74%
1922 - 1991 苏维埃社会主义共和国联盟
71%
1941 - 1943 (占领国) 纳粹德国
71%
882 - 1169(1240) 基辅罗斯 (罗斯大公国)
61%
1917.11响应哪个政权起义?(正式国号或使用两字简称) 俄罗斯苏维埃联邦社会主义共和国
55%
1655 - 1917 (王朝) 罗曼诺夫王朝
50%
1240 - 1260被视为解体 (汗国/帝国整体,可回答民族) 大蒙古国
45%
1240 - 1362或1363(间接统治,地方汗国) 金帐汗国 (钦察汗国)
45%
1918.3 - 1918.11实际控制方 (一战的一方) 同盟国 (德军和奥军)
45%
1917 - 1922实际领导革命的政权 (正式国号或使用两字简称) 俄罗斯苏维埃联邦社会主义共和国
45%
1793 - 1917 俄罗斯帝国
42%
1018该国攻破基辅: 波兰大公国
37%
882年,这个北方族群扩张占领基辅并定都:(两种名字皆可) 瓦良格人 (维京人)
34%
1069再次攻破基辅: 波兰王国
34%
1920.5短暂占领 (占领国) 波兰共和国
34%
1649.1 - 1651.9 (回答相关东欧草原族群即可) 哥萨克酋长国 (盖特曼)
29%
1569 - 1649.1 波兰立陶宛联邦 - 波兰王国
26%
1649.8 - 1651.9(名义);1651.9 - 1655(重新统治) 波兰立陶宛联邦 - 波兰王国
26%
(1655)1667法理割让 - 1793 俄罗斯沙皇国
26%
1917.3 - 1917.11 俄罗斯共和国
26%
1919.12解放 - 1922(1991) (输入国家专名即可) 乌克兰苏维埃社会主义共和国
26%
882 - 1321(王朝) 留里克王朝
24%
1482被联军攻破并洗劫 (一个地方汗国) 克里米亚汗国
24%
1321被该国攻克,大公被流放 立陶宛大公国
21%
1362或1363完全易主 - 1569 立陶宛大公国
21%
1917.12革命后成立 - (1918.1) (正式国号或简写为政权性质+专名) 乌克兰苏维埃社会主义共和国
18%
1918.2解放 - 1918.3 (正式国号或简写为政权性质+专名) 乌克兰苏维埃社会主义共和国
16%
1918.4 - 1918.12解散原政府 (输入国家专名即可) 乌克兰国 (伪政权)
16%
1919.2解放 - 1919.8 (正式国号或简写为政权性质+专名) 乌克兰苏维埃社会主义共和国
11%
1203被联军攻破并洗劫 (一个诸侯国&一个草原民族,回答一个即可) 切尔尼戈夫大公国&库曼人
11%
1169该诸侯攻破基辅,夺取公位: 弗拉基米尔大公国
8%
分裂后首都部分:1132 - 1362或1363 (1240被屠城,后沦为附庸;名义存在至1471) 基辅大公国
8%
1918.3 - 1918.4反攻 (正式国号或政府称呼,不接受单独专名) 乌克兰人民共和国 (乌克兰民族共和国)
8%
1918.12 - 1919.2重建 (正式国号或政府称呼,不接受单独专名) 乌克兰人民共和国 (乌克兰民族共和国)
8%
1919.8 - 1919.12 (割据政权,也可接受军队或指挥官) 南俄罗斯 (白军,邓尼金)
8%
1655作为附庸复国 - 1709(撤销特权,至1764完全撤销) 哥萨克酋长国 (盖特曼)
5%
(1917.11)1918.1 - 1918.2夺权 (正式国号或政府称呼,不接受单独专名) 乌克兰人民共和国 (乌克兰民族共和国)
5%
No matching quizzes found
Score Distribution
Percent of People with Each Score
Percentile by Number Answered
Your Score History
You have not taken this quiz